Catholic University of Zimbabwe Library
Online Public Access Catalogue
(OPAC)

Elbeuf during the Revolutionary Period (Record no. 25685)

MARC details
000 -LEADER
fixed length control field 02363cam a22005894a 4500
001 - CONTROL NUMBER
control field muse78188
003 - CONTROL NUMBER IDENTIFIER
control field MdBmJHUP
005 - DATE AND TIME OF LATEST TRANSACTION
control field 20210127151418.0
006 - FIXED-LENGTH DATA ELEMENTS--ADDITIONAL MATERIAL CHARACTERISTICS
fixed length control field m o d
007 - PHYSICAL DESCRIPTION FIXED FIELD--GENERAL INFORMATION
fixed length control field cr||||||||nn|n
008 - FIXED-LENGTH DATA ELEMENTS--GENERAL INFORMATION
fixed length control field 200415s2019 mdu o 00 0 eng d
020 ## - INTERNATIONAL STANDARD BOOK NUMBER
International Standard Book Number 9781421434056
020 ## - INTERNATIONAL STANDARD BOOK NUMBER
Canceled/invalid ISBN 9781421434049
035 ## - SYSTEM CONTROL NUMBER
System control number (OCoLC)1122726233
040 ## - CATALOGING SOURCE
Original cataloging agency MdBmJHUP
Transcribing agency MdBmJHUP
043 ## - GEOGRAPHIC AREA CODE
Geographic area code e-fr---
050 04 - LIBRARY OF CONGRESS CALL NUMBER
Classification number H31
Item number .J6 ser. 81, no. 2
050 14 - LIBRARY OF CONGRESS CALL NUMBER
Classification number DC801.E5
Item number K36
082 0# - DEWEY DECIMAL CLASSIFICATION NUMBER
Classification number 309.1442504
100 1# - MAIN ENTRY--PERSONAL NAME
Personal name Kaplow, Jeffry,
Relator term author
245 10 - TITLE STATEMENT
Title Elbeuf during the Revolutionary Period
Remainder of title History and Social Structure /
Statement of responsibility, etc. Jeffry Kaplow.
300 ## - PHYSICAL DESCRIPTION
Extent 1 online resource (1 online resource 1 online resource 278 pages :) :
Other physical details tables)
490 0# - SERIES STATEMENT
Series statement Johns Hopkins University studies in historical and political science ;
Volume/sequential designation Series 81, no. 2
500 ## - GENERAL NOTE
General note Originally published in 1964
504 ## - BIBLIOGRAPHY, ETC. NOTE
Bibliography, etc. note Includes bibliographical references (pages 265-275).
506 0# - RESTRICTIONS ON ACCESS NOTE
Terms governing access Open Access
Standardized terminology for access restriction Unrestricted online access
Source of term star
588 ## - SOURCE OF DESCRIPTION NOTE
Source of description note Description based on print version record.
651 #0 - SUBJECT ADDED ENTRY--GEOGRAPHIC NAME
Geographic name Elbeuf (France)
General subdivision History.
651 #0 - SUBJECT ADDED ENTRY--GEOGRAPHIC NAME
Geographic name Elbeuf (France)
General subdivision Social conditions.
651 #0 - SUBJECT ADDED ENTRY--GEOGRAPHIC NAME
Geographic name Elbeuf (France)
General subdivision Conditions sociales.
651 #0 - SUBJECT ADDED ENTRY--GEOGRAPHIC NAME
Geographic name Elbeuf (France)
General subdivision Histoire.
651 #0 - SUBJECT ADDED ENTRY--GEOGRAPHIC NAME
Geographic name Elbeuf (France)
General subdivision Histoire.
651 #0 - SUBJECT ADDED ENTRY--GEOGRAPHIC NAME
Geographic name Elbeuf (France)
General subdivision Conditions sociales.
650 #0 - SUBJECT ADDED ENTRY--TOPICAL TERM
Topical term or geographic name entry element Social conditions
Source of heading or term fast
Authority record control number or standard number (OCoLC)fst01919811
648 #7 - SUBJECT ADDED ENTRY--CHRONOLOGICAL TERM
Chronological term Sozialgeschichte 1770-1789.
Source of heading or term swd
648 #4 - SUBJECT ADDED ENTRY--CHRONOLOGICAL TERM
Chronological term Sozialgeschichte 1770-1789.
655 #0 - INDEX TERM--GENRE/FORM
Genre/form data or focus term Electronic books.
Source of term local
655 #0 - INDEX TERM--GENRE/FORM
Genre/form data or focus term History.
Source of term fast
Authority record control number (OCoLC)fst01411628
655 #0 - INDEX TERM--GENRE/FORM
Genre/form data or focus term Electronic books.
Source of term lcgft
655 #7 - INDEX TERM--GENRE/FORM
Genre/form data or focus term Electronic books.
Source of term local
710 2# - ADDED ENTRY--CORPORATE NAME
Corporate name or jurisdiction name as entry element Project Muse.
Relator term distributor
710 2# - ADDED ENTRY--CORPORATE NAME
Corporate name or jurisdiction name as entry element Project Muse.
Relator term distributor
776 18 - ADDITIONAL PHYSICAL FORM ENTRY
Relationship information Online version:
Title Elbeuf during the revolutionary period.
Place, publisher, and date of publication Baltimore, Johns Hopkins Press, 1964
Record control number (OCoLC)647298978
710 2# - ADDED ENTRY--CORPORATE NAME
Corporate name or jurisdiction name as entry element Project Muse.
Relator term distributor
830 #0 - SERIES ADDED ENTRY--UNIFORM TITLE
Uniform title Book collections on Project MUSE.
830 #0 - SERIES ADDED ENTRY--UNIFORM TITLE
Uniform title Johns Hopkins University studies in historical and political science ;
Volume/sequential designation ser. 81, no. 2.
830 #0 - SERIES ADDED ENTRY--UNIFORM TITLE
Uniform title Book collections on Project MUSE.
856 40 - ELECTRONIC LOCATION AND ACCESS
Public note Full text available:
Uniform Resource Identifier <a href="https://muse.jhu.edu/book/68475/">https://muse.jhu.edu/book/68475/</a>
Holdings
Withdrawn status Lost status Source of classification or shelving scheme Damaged status Not for loan Home library Current library Shelving location Date acquired Total Checkouts Full call number Date last seen Uniform Resource Identifier Price effective from Koha item type
          Digital Library Digital Library Online Access 27.01.2021   H31 .J6 ser. 81, no. 2 DC801.E5 K36 27.01.2021 https://muse.jhu.edu/book/68475/ 27.01.2021 eBook

OPENING HOURS

Weekdays: 0815hrs - 1800hrs
Weekends:0900hrs - 1200hrs

Closed for Mass:

Mon, Thur: 1200hrs - 1300hrs
Sunday & Public Holiday’s

CALL SUPPORT

0242-570570, 0242-570169
09200664, +263 8644140602

LOCATION

18443, Cranborne Avenue, Hatfield, Harare

Other Links


©2021 | CUZ Library